| 000 | 00780cam a22002651 4500 | ||
|---|---|---|---|
| 001 | 15374 | ||
| 003 | BD-RjUL | ||
| 005 | 20211208235814.0 | ||
| 008 | 140210m19481928nyua b 001 0 eng d | ||
| 035 | _a(BD-RjUL)15428 | ||
| 035 | _a(OCoLC)1561297 | ||
| 040 |
_aDLC _cFMU _dOClW-H _dOCoLC _dDLC _dBD-RjUL _beng |
||
| 041 | _aeng | ||
| 082 |
_a637.1277 _bHAD 1948 |
||
| 100 | 1 |
_aHammer, Bernard Wernick, _d1886- _947775 |
|
| 245 | 0 | 0 |
_aDairy bacteriology / _cBernard W. Hammer, |
| 250 | _a3d ed. | ||
| 260 |
_aNew York ; _aLondon : _bJ. Wiley, _cc 1928,1948. |
||
| 300 |
_aviii, 593 p. : _billus. ; _c23 cm. |
||
| 504 | _aIncludes "References." | ||
| 650 | 0 |
_aDairy bacteriology. _947776 |
|
| 650 | 0 |
_aMilk _xMicrobiology. _947777 |
|
| 942 |
_2ddc _cBK |
||
| 999 |
_c15374 _d15374 |
||